Management Information System (Record no. 3667)

MARC details
000 -LEADER
fixed length control field 00397nam a22001697a 4500
005 - DATE AND TIME OF LATEST TRANSACTION
control field 20181016121626.0
008 - FIXED-LENGTH DATA ELEMENTS--GENERAL INFORMATION
fixed length control field 160623b xxu||||| |||| 00| 0 eng d
020 ## - INTERNATIONAL STANDARD BOOK NUMBER
ISBN 978-81-203-2253-0
041 ## - LANGUAGE CODE
Language code of text/sound track or separate title eng
082 ## - DEWEY DECIMAL CLASSIFICATION NUMBER
Item number 9333
Classification number 658.403
100 ## - MAIN ENTRY--AUTHOR NAME
Personal name Kelkar, S.A.
245 ## - TITLE STATEMENT
Title Management Information System
260 ## - PUBLICATION, DISTRIBUTION, ETC. (IMPRINT)
Name of publisher PHI
Year of publication 2008
300 ## - PHYSICAL DESCRIPTION
Number of Pages 251
650 ## - SUBJECT ADDED ENTRY--TOPICAL TERM
Topical Term Management
942 ## - ADDED ENTRY ELEMENTS (KOHA)
Koha item type Books
Holdings
Lost status Damaged status Collection code Home library Current library Shelving location Date acquired Cost, normal purchase price Full call number Accession Number Koha item type
    MANAGEMENT JRU Library JRU Library SHELF-37-A 23/06/2016 175.00 658.403 9333 Books
    MANAGEMENT JRU Library JRU Library SHELF- 69 D 23/04/2026 175.00 658.403 9334 Books
    MANAGEMENT JRU Library JRU Library SHELF- 69 D 23/04/2026 175.00 658.403 9335 Books
    MANAGEMENT JRU Library JRU Library SHELF- 69 D 23/04/2026 175.00 658.403 9336 Books
    MANAGEMENT JRU Library JRU Library SHELF- 69 D 23/04/2026 175.00 658.403 9337 Books
    MANAGEMENT JRU Library JRU Library SHELF-37-A 23/06/2016 175.00 658.403 9338 Books
    MANAGEMENT JRU Library JRU Library SHELF- 69 D 23/04/2026 175.00 658.403 9339 Books
    MANAGEMENT JRU Library JRU Library SHELF- 69 D 23/06/2016 175.00 658.403 9340 Books
    MANAGEMENT JRU Library JRU Library SHELF- 69 D 23/04/2026 175.00 658.403 9341 Books
    MANAGEMENT JRU Library JRU Library SHELF- 69 D 23/04/2026 175.00 658.403 9342 Books